00829cam a2200241 a 450000100100000000500170001000800410002702000150006804000250008308200230010810000290013124501170016025000120027726000600028930000170034950000380036650000280040450400740043265000120050665000260051865000160054470000270056000001384920240731114020.0810916s1982 mx 000 0 spa  a9681600258 aDO-SdBNPbspacBNPHU a335.4bM392c, 19821 aMarx, Carlos,d1818-188313aEl capital :bcrítica de la economía política /cCarlos Marx ; versión del alemán por Wenceslao Roces. a17a ed. aMéxico, D. F. :bFondo de Cultura Económica,c1982. av. ;c22 cm. aLa biblioteca posee el volumen 1. aTraducido del alemán. aIncluye referencias bibliográficas y notas al pie de las páginas. 0aCapital 0aEconomía política 0aCapitalismo1 aRoces, Wenceslao,etr.